000 00425nam a2200181Ia 4500
001 13271
005 20260306163041.0
008 260306t2014||||xx |||||||||||||| ||spa||
041 _aESP
082 _a001.42
_bH45 2014
100 _aHernández Sampieri, Roberto
_eAUT
245 0 _aMetodología de la investigación
260 _c2014
300 _a
_c
650 _aGEN
654 _aCHU
942 _cLIB
_dJUS
_fJUS
_2ddc
_n
999 _c13271
_d13271